000 00446nam a22001457a 4500
008 150928b xxu||||| |||| 00| 0 eng d
020 _a0913948098
050 _aG 200 .W46 1977
100 _aWilcox, Desmond.
_d1977
245 _aTen Who Dared:
_cDesmond,Wilcox.
260 _aBoston:
_bLittle, Brown and Company,
_c1977.
300 _a336p:ill.
_bincludes index,
700 _aQuinn Anthony
942 _2lcc
_cBOOKS
_hG 200 .W46 1977
999 _c6622
_d6622